| 000 | 00386nam a2200157Ia 4500 | ||
|---|---|---|---|
| 005 | 20230825172155.0 | ||
| 008 | 230703s9999 xx 000 0 und d | ||
| 041 | _aeng | ||
| 082 |
_a158.1 _bDYE |
||
| 100 |
_aDyer W W _9108329 |
||
| 245 | _aYour Erroneous Zones | ||
| 260 |
_bHarper paperback _aNew York _c1976 |
||
| 300 | _a301 | ||
| 500 | _aPersonality Development | ||
| 942 | _cDB | ||
| 999 |
_c166923 _d166923 |
||